| 000 | 00583nam a22001817a 4500 | ||
|---|---|---|---|
| 003 | CEME | ||
| 005 | 20210628203215.0 | ||
| 008 | 210122b xxu||||| |||| 00| 0 eng d | ||
| 020 | _a0-07-140922-X | ||
| 040 | _c. | ||
| 082 | _a005.86 BUC | ||
| 100 |
_aBuchanan, Robert W _963971 |
||
| 245 | _aDisaster proofing information systems, a complete methodology for eliminating single points of failure | ||
| 260 |
_aNEW YORK _bMCGRAW HILL _c2003 |
||
| 300 | _aXVIII,267 P | ||
| 650 |
_aDATA RECOVERY (COMPUTER SCIENCE).COMPUTER SECURITY.EMERGENCY MANAGEMENT _963972 |
||
| 942 |
_cBK _2ddc |
||
| 999 |
_c572641 _d572641 |
||